[Event "2MCR_3DE_2LB_3S"]
[Site "?"]
[Date "2007.??.??"]
[Round "?"]
[White "Tucek, Richard"]
[Black "Martinec, Jan"]
[Result "0-1"]
[WhiteElo "1688"]
[BlackElo "2000"]
[PlyCount "108"]
[EventDate "2007.??.??"]
[EventType "corr"]
[EventRounds "2"]
[SourceDate "2007.01.28"]

1. d4 Nf6 2. c4 g6 3. Nf3 Bg7 4. Nc3 d6 5. e4 O-O 6. Be2 e5 7. dxe5 dxe5 8. O-O
c6 9. Bg5 Qc7 10. Qc1 Be6 11. Bh6 Nbd7 12. Bxg7 Kxg7 13. Qg5 h6 14. Qe3 Ng4 15.
Qd2 Rad8 16. Rad1 Nb6 17. Qc2 Nxc4 18. h3 Nf6 19. b3 Nb6 20. Nb5 Qb8 21. Rxd8
Rxd8 22. Nc3 Nbd7 23. Rd1 Ne8 24. Na4 f6 25. Nc5 Nxc5 26. Qxc5 Rxd1+ 27. Bxd1
Qd6 28. Qxd6 Nxd6 29. Bc2 c5 30. Bd3 c4 31. bxc4 Bxc4 32. Bxc4 Nxc4 33. Kf1 Kf7
34. Ke2 Ke6 35. Kd3 b5 36. Kc3 a5 37. a4 Nd6 38. axb5 Nxb5+ 39. Kb3 Nd4+ 40.
Ka4 Nxf3 41. gxf3 Kd6 42. Kxa5 Kc5 43. Ka4 Kc4 44. Ka3 h5 45. Ka4 h4 46. Ka5
Kd3 47. Kb5 Ke2 48. Kc5 Kxf2 49. Kd5 Kxf3 50. Ke6 Kxe4 51. Kxf6 Kf4 52. Kxg6 e4
53. Kh5 Kg3 54. Kg5 e3 0-1

[Event "2MCR_3DE_2LB_3S"]
[Site "?"]
[Date "2007.??.??"]
[Round "?"]
[White "Portych, Vaclav"]
[Black "Hrdy, Tomas"]
[Result "1-0"]
[WhiteElo "2147"]
[BlackElo "1600"]
[PlyCount "97"]
[EventDate "2007.??.??"]
[EventType "corr"]
[EventRounds "2"]
[SourceDate "2007.01.28"]

1. c4 c5 2. Nf3 Nf6 3. g3 d5 4. cxd5 Nxd5 5. Nc3 Nc6 6. Bg2 Nc7 7. O-O e5 8. d3
Be7 9. Nd2 Bd7 10. Nc4 f6 11. f4 exf4 12. Bxf4 Be6 13. Qb3 Qc8 14. Qa4 Qd7 15.
Bxc7 Qxc7 16. Nd5 Bxd5 17. Bxd5 Rd8 18. Bxc6+ Qxc6 19. Qxc6+ bxc6 20. Rac1 Kd7
21. Rc3 Rb8 22. Ra3 Rb7 23. Kg2 Ke6 24. Ra6 Rc7 25. Rf3 Bd6 26. b3 Rb8 27. Rf1
Be5 28. Rc1 Kd5 29. Kf3 g6 30. e4+ Ke6 31. Nxe5 fxe5 32. Rxc5 Kd6 33. Raa5 Re7
34. Ke3 Rf8 35. b4 Rb8 36. a3 Rb6 37. d4 exd4+ 38. Kxd4 Rd7 39. g4 Ke6+ 40. Ke3
Kd6 41. Rc1 Rf7 42. e5+ Ke6 43. h4 Re7 44. Ke4 Rc7 45. Rf1 Ke7 46. Rf6 Rb8 47.
Rc5 Rbc8 48. Kf4 Ke8 49. Kg5 1-0

[Event "2MCR_3DE_2LB_1S"]
[Site "?"]
[Date "2007.??.??"]
[Round "?"]
[White "Jezek, Otakar"]
[Black "Doudera, Lubomir"]
[Result "1-0"]
[WhiteElo "1867"]
[BlackElo "2136"]
[PlyCount "91"]
[EventDate "2007.??.??"]
[EventType "corr"]
[EventRounds "2"]
[SourceDate "2007.01.28"]

1. Nf3 Nf6 2. d4 d5 3. Nc3 Bf5 4. Bf4 e6 5. e3 Bd6 6. Bxd6 cxd6 7. Bd3 Bg6 8.
O-O Nc6 9. Bxg6 hxg6 10. Qd3 Qb6 11. Rfe1 Rc8 12. Rab1 Kf8 13. a3 Ne7 14. e4
Qc6 15. e5 dxe5 16. dxe5 Nd7 17. Rbc1 a6 18. Ne2 Nc5 19. Qd4 b5 20. Qf4 Kg8 21.
Rcd1 Nf5 22. c3 Qb7 23. Ned4 Ne4 24. Nxf5 gxf5 25. Nd4 Qe7 26. Qe3 Qh4 27. Nf3
Qh5 28. h3 g5 29. Nd2 Nc5 30. Nf1 g4 31. Ng3 Qg6 32. hxg4 Qxg4 33. Rd4 Qg6 34.
Ne2 Qh5 35. f3 Nb3 36. Rb4 Na5 37. Kf2 Nc6 38. Rf4 Qg6 39. Rg1 Rh2 40. Ke1 Qh6
41. g4 Kh8 42. gxf5 Re8 43. Kd2 Na5 44. b4 Nc4+ 45. Rxc4 dxc4 46. Qxh6+ 1-0

[Event "2MCR_3DE_2LB_3S"]
[Site "?"]
[Date "2007.??.??"]
[Round "?"]
[White "Hrdy, Tomas"]
[Black "Portych, Vaclav"]
[Result "1/2-1/2"]
[WhiteElo "1600"]
[BlackElo "2147"]
[PlyCount "96"]
[EventDate "2007.??.??"]
[EventType "corr"]
[EventRounds "2"]
[SourceDate "2007.01.28"]

1. e4 c5 2. Nf3 Nc6 3. d4 cxd4 4. Nxd4 Nf6 5. Nc3 e5 6. Ndb5 d6 7. Bg5 a6 8.
Na3 b5 9. Bxf6 gxf6 10. Nd5 f5 11. Bd3 Be6 12. O-O Bxd5 13. exd5 Ne7 14. c3 Bg7
15. Qh5 e4 16. Bc2 O-O 17. Rae1 Qc8 18. Bb3 Ng6 19. Nc2 Nf4 20. Qg5 Nd3 21. Ne3
Qd8 22. Qxf5 Nxe1 23. Rxe1 Re8 24. Bc2 Re5 25. Qf4 Qd7 26. Bxe4 Rae8 27. Bf3
Qf5 28. Qxf5 Rxf5 29. Kf1 Rf4 30. a3 a5 31. Nc2 Rxe1+ 32. Kxe1 Rc4 33. Ke2 Kf8
34. g3 Bh6 35. Kd1 f5 36. Be2 Rc5 37. f4 Rxd5+ 38. Ke1 Bg7 39. Ne3 Rc5 40. Bd3
b4 41. axb4 axb4 42. cxb4 Rc1+ 43. Kd2 Bxb2 44. Nc4 Rxc4 45. Bxc4 Ke7 46. Bg8
h5 47. Bd5 Bd4 48. Ke2 Bg1 1/2-1/2

[Event "2MCR_3DE_2LB_1S"]
[Site "?"]
[Date "2007.??.??"]
[Round "?"]
[White "Motejzik, Jaroslav"]
[Black "Doudera, Lubomir"]
[Result "1-0"]
[WhiteElo "2068"]
[BlackElo "2136"]
[PlyCount "67"]
[EventDate "2007.??.??"]
[EventType "corr"]
[EventRounds "2"]
[SourceDate "2007.01.28"]

1. e4 d5 2. exd5 Qxd5 3. Nc3 Qa5 4. d4 Nf6 5. Nf3 Bg4 6. h3 Bh5 7. g4 Bg6 8.
Ne5 e6 9. h4 Bb4 10. Bd2 Qb6 11. Bg2 Nbd7 12. Nxd7 Kxd7 13. h5 Bxc3 14. Bxc3
Be4 15. Bxe4 Nxe4 16. Qf3 f5 17. gxf5 Nxc3 18. Qxc3 exf5 19. O-O-O Rae8 20.
Rhg1 g6 21. Rge1 Qc6 22. Qa5 b6 23. Qd2 Qf3 24. Re5 gxh5 25. Qg5 Rxe5 26. dxe5+
Kc8 27. e6 Re8 28. Qd2 Kb7 29. Qd7 Qc6 30. Qxh7 Qe4 31. Qxh5 Qf4+ 32. Rd2 Rxe6
33. Qh1+ c6 34. Qd1 1-0

[Event "2MCR_3DE_2LB_1S"]
[Site "?"]
[Date "2007.??.??"]
[Round "?"]
[White "Motejzik, Jaroslav"]
[Black "Jezek, Otakar"]
[Result "1-0"]
[WhiteElo "2068"]
[BlackElo "1867"]
[PlyCount "120"]
[EventDate "2007.??.??"]
[EventType "corr"]
[EventRounds "2"]
[SourceDate "2007.01.28"]

1. d4 d5 2. c4 dxc4 3. Nf3 e6 4. e3 Nf6 5. Bxc4 Bd6 6. O-O O-O 7. Nc3 c5 8. Qe2
cxd4 9. exd4 Nbd7 10. a3 b6 11. Rd1 Bb7 12. d5 exd5 13. Nxd5 Re8 14. Nxf6+ Qxf6
15. Bg5 Bxf3 16. Qxf3 Qxf3 17. gxf3 Ne5 18. Bd5 Rac8 19. f4 Ng6 20. Bxf7+ Kxf7
21. Rxd6 h6 22. f5 Ne5 23. Bf4 Nf3+ 24. Kf1 Rc2 25. Rd3 Nh4 26. Rd7+ Re7 27.
Rxe7+ Kxe7 28. Re1+ Kf7 29. Re2 Rxe2 30. Kxe2 Nxf5 31. Kd3 Ke6 32. Ke4 g5 33.
Bb8 a6 34. h3 b5 35. f4 gxf4 36. Bxf4 h5 37. b3 Ne7 38. Kd4 Nd5 39. Bh2 a5 40.
Kc5 Nc3 41. Bc7 a4 42. b4 Kf5 43. Bh2 Ke4 44. Bg3 Ke3 45. Be5 Kd3 46. Bxc3 Kxc3
47. Kxb5 Kb3 48. Kc5 Kxa3 49. b5 Kb3 50. b6 a3 51. b7 a2 52. b8=Q+ Kc2 53. Qh2+
Kb3 54. Qe5 Kc2 55. Qa1 Kd3 56. Qxa2 Ke3 57. Qc4 Kf2 58. Kd4 Kg3 59. Ke3 Kxh3
60. Qg8 Kh4 1-0

[Event "2MCR_3DE_2LB_1S"]
[Site "?"]
[Date "2007.??.??"]
[Round "?"]
[White "Jezek, Otakar"]
[Black "Motejzik, Jaroslav"]
[Result "0-1"]
[WhiteElo "1867"]
[BlackElo "2068"]
[PlyCount "119"]
[EventDate "2007.??.??"]
[EventType "corr"]
[EventRounds "2"]
[SourceDate "2007.01.28"]

1. e4 e6 2. d4 d5 3. e5 c5 4. Nf3 cxd4 5. Qxd4 Nc6 6. Qe3 Nge7 7. Bd3 Nb4 8.
O-O Nec6 9. Na3 Nxd3 10. Qxd3 a6 11. c4 b6 12. Rd1 Bb7 13. Be3 Qc7 14. cxd5 Nb4
15. Qd4 Nxd5 16. Nc4 Bc5 17. Qd3 Nb4 18. Qe2 O-O 19. Rdc1 Bxe3 20. Qxe3 Nd5 21.
Qd4 Rac8 22. Qd2 Qe7 23. Nd6 Rxc1+ 24. Rxc1 Ba8 25. Qe2 Nf4 26. Qe3 Nd5 27. Qe4
f6 28. Qh4 Rd8 29. Nc4 b5 30. Ne3 Qb4 31. Nxd5 Qxh4 32. Ne7+ Kf7 33. Nxh4 Kxe7
34. f4 fxe5 35. fxe5 g5 36. Nf3 Bxf3 37. gxf3 Rd2 38. Rc7+ Kd8 39. Ra7 Rxb2 40.
Rxa6 Kc7 41. a3 Ra2 42. Rxe6 Rxa3 43. Kf2 b4 44. Re7+ Kc6 45. Rxh7 b3 46. Rh8
Ra7 47. e6 Rb7 48. Rc8+ Kd6 49. Rc1 b2 50. Rb1 Kxe6 51. Ke2 Ke5 52. Ke3 Rb3+
53. Kd2 Kf4 54. Kc2 Rb8 55. h3 Kxf3 56. Rxb2 Rxb2+ 57. Kxb2 Kg3 58. Kc3 Kxh3
59. Kd4 g4 60. Ke4 0-1

[Event "2MCR_3DE_2LB_2S"]
[Site "?"]
[Date "2007.??.??"]
[Round "?"]
[White "Paukert, Martin"]
[Black "Kratochvil, Jan"]
[Result "1-0"]
[WhiteElo "2111"]
[BlackElo "1815"]
[PlyCount "129"]
[EventDate "2007.??.??"]
[EventType "corr"]
[EventRounds "2"]
[SourceDate "2007.01.28"]

1. f4 Nf6 2. b3 g6 3. Bb2 Bg7 4. Nf3 O-O 5. e3 d5 6. Be2 c5 7. O-O b6 8. Ne5
Bb7 9. Bf3 Nc6 10. c4 Nxe5 11. Bxe5 Qd7 12. Nc3 Rfd8 13. Bxf6 Bxf6 14. cxd5 Ba6
15. Re1 Bh4 16. g3 Bf6 17. Bg4 e6 18. dxe6 fxe6 19. Ne4 Bxa1 20. Qxa1 Qg7 21.
Bxe6+ Kf8 22. Nf6 Rd6 23. f5 gxf5 24. Qe5 Rad8 25. Qxf5 Ke7 26. Nd5+ Ke8 27.
Qe4 Bd3 28. Qxd3 Rxe6 29. Rf1 Rdd6 30. Rf2 Kd8 31. Nf4 Rh6 32. Qe4 Rc6 33. a3
Qa1+ 34. Rf1 Qg7 35. b4 cxb4 36. axb4 Qe7 37. Qd4+ Qd7 38. Nd5 Kc8 39. Qe4 Kb8
40. Ne7 Rcf6 41. Qe5+ Qd6 42. Qxd6+ Rxd6 43. Nf5 a5 44. bxa5 bxa5 45. Ra1 Rhe6
46. Nxd6 Rxd6 47. Rxa5 Rxd2 48. Rh5 Rd7 49. Kf2 Rf7+ 50. Ke2 Kc7 51. Rh6 Kd8
52. g4 Ke8 53. g5 Kf8 54. Rf6 Rxf6 55. gxf6 Kf7 56. Kd3 Kxf6 57. Kd4 Ke6 58.
Ke4 Kd6 59. Kf5 Ke7 60. Ke5 h6 61. e4 h5 62. h4 Kf7 63. Kd6 Ke8 64. e5 Kf7 65.
e6+ 1-0

[Event "2MCR_3DE_2LB_3S"]
[Site "?"]
[Date "2007.??.??"]
[Round "?"]
[White "Vokolek, Jaroslav"]
[Black "Martinec, Jan"]
[Result "1-0"]
[WhiteElo "2000"]
[BlackElo "2000"]
[PlyCount "77"]
[EventDate "2007.??.??"]
[EventType "corr"]
[EventRounds "2"]
[SourceDate "2007.01.28"]

1. d4 Nf6 2. c4 g6 3. Nc3 Bg7 4. Nf3 O-O 5. Bf4 d6 6. e3 Nbd7 7. Be2 Nh5 8. Bg5
h6 9. Bh4 g5 10. Nd2 Nhf6 11. Bg3 e5 12. d5 a5 13. Qc2 Nc5 14. Nb3 Nfd7 15. f3
f5 16. e4 Nxb3 17. axb3 fxe4 18. Nxe4 Nf6 19. b4 Nxe4 20. fxe4 Bd7 21. bxa5 c6
22. Qd2 b6 23. a6 c5 24. b4 Qc7 25. b5 Rf6 26. Rf1 Rxf1+ 27. Kxf1 Be8 28. Kg1
Bg6 29. Qe3 Rf8 30. Rf1 Rxf1+ 31. Kxf1 Bf6 32. Bg4 h5 33. Qf3 hxg4 34. Qxf6
Bxe4 35. Qxg5+ Kf8 36. Ke2 Bxg2 37. Qf5+ Kg8 38. Qxg4+ Kh7 39. Qf5+ 1-0

[Event "2MCR_3DE_2LB_1S"]
[Site "?"]
[Date "2007.??.??"]
[Round "?"]
[White "Struzka, Vlastimil"]
[Black "Doudera, Lubomir"]
[Result "0-1"]
[WhiteElo "2080"]
[BlackElo "2136"]
[PlyCount "102"]
[EventDate "2007.??.??"]
[EventType "corr"]
[EventRounds "2"]
[SourceDate "2007.01.28"]

1. d4 d5 2. c4 c6 3. Nf3 Nf6 4. e3 Bf5 5. cxd5 cxd5 6. Qb3 Qc7 7. Nc3 e6 8. Nh4
Bg6 9. Bd2 Nc6 10. Rc1 Be7 11. Nxg6 hxg6 12. Bd3 g5 13. Ne2 Rb8 14. h3 g4 15.
h4 g5 16. g3 a6 17. Kd1 Rh5 18. Rg1 gxh4 19. gxh4 Rxh4 20. Rc2 b5 21. Kc1 Bd6
22. Kb1 Na5 23. Bxa5 Qxa5 24. Rc6 Ke7 25. Rf1 Rb6 26. Qc2 Rxc6 27. Qxc6 Qd2 28.
Nc1 Rh2 29. Be2 g3 30. Rd1 Qxd1 31. Bxd1 g2 32. Ne2 Rh1 33. Kc2 Rf1 34. Kc1 Re1
35. Qb7+ Nd7 36. Kd2 Rxe2+ 37. Bxe2 g1=Q 38. Qxa6 Qxf2 39. Qxb5 Nf6 40. Qb7+
Kf8 41. Kd1 Qxe3 42. Qc8+ Kg7 43. Qc3 Qf2 44. Bf3 Bf4 45. a4 Ne4 46. Bxe4 dxe4
47. d5+ e5 48. d6 e3 49. Qd3 Qg1+ 50. Kc2 Qg2+ 51. Kd1 Bg5 0-1

[Event "2MCR_3DE_2LB_2S"]
[Site "?"]
[Date "2007.??.??"]
[Round "?"]
[White "Martinovsky, Vaclav"]
[Black "Jednicky, Vaclav"]
[Result "0-1"]
[WhiteElo "2200"]
[BlackElo "1600"]
[PlyCount "112"]
[EventDate "2007.??.??"]
[EventType "corr"]
[EventRounds "2"]
[SourceDate "2007.01.28"]

1. e4 c5 2. Nf3 d6 3. d4 cxd4 4. Nxd4 Nf6 5. Nc3 a6 6. g3 e5 7. Nde2 Be7 8. Bg2
O-O 9. O-O Be6 10. Nd5 Nxd5 11. exd5 Bg4 12. h3 Bh5 13. Be3 Nd7 14. Qd2 Rc8 15.
f4 Bxe2 16. Qxe2 exf4 17. Bxf4 Bg5 18. c3 Bxf4 19. Rxf4 Re8 20. Qc2 Re7 21.
Raf1 Ne5 22. Be4 g6 23. Rf6 Nd7 24. R6f2 Qa5 25. a3 Qc5 26. Bg2 Nb6 27. Rd1 Nc4
28. Rd4 b5 29. Qd1 f5 30. g4 Ne3 31. Qf3 Rf8 32. g5 Rfe8 33. Kh2 Nc4 34. Bf1
Re3 35. Qg2 R8e4 36. Rxe4 Rxe4 37. Qg3 Ne5 38. Bg2 Re1 39. Bf1 Qxd5 40. Bg2 Qd1
41. Bb7 Kf8 42. Bg2 Re2 43. Bb7 d5 44. Bxa6 Re1 45. Qg2 Qa4 46. Bb7 Qh4 47. Rf1
Ng4+ 48. Qxg4 Qxg4 49. hxg4 Rxf1 50. Bxd5 fxg4 51. Kg3 Rf5 52. c4 Rxg5 53. b3
Rxd5 54. cxd5 Ke7 55. a4 bxa4 56. bxa4 Kd6 0-1

[Event "2MCR_3DE_2LB_2S"]
[Site "?"]
[Date "2007.??.??"]
[Round "?"]
[White "Martinovsky, Vaclav"]
[Black "Pensimus, Petr"]
[Result "1-0"]
[WhiteElo "2200"]
[BlackElo "1848"]
[PlyCount "115"]
[EventDate "2007.??.??"]
[EventType "corr"]
[EventRounds "2"]
[SourceDate "2007.01.28"]

1. e4 e5 2. Nf3 Nc6 3. Bc4 Bc5 4. c3 Nf6 5. b4 Bb6 6. d3 d6 7. a4 a5 8. b5 Ne7
9. O-O O-O 10. Bg5 Ng6 11. Nbd2 Re8 12. Qb3 Qe7 13. Rae1 h6 14. Nh4 hxg5 15.
Nxg6 Qd7 16. d4 d5 17. Bxd5 Nxd5 18. exd5 fxg6 19. Rxe5 g4 20. Nc4 Ba7 21. Rfe1
Rxe5 22. Rxe5 Qf7 23. Qd1 Bf5 24. Qe2 Kf8 25. Qd2 Rd8 26. Ne3 Re8 27. Rxe8+
Qxe8 28. c4 Qe4 29. c5 Qb1+ 30. Qd1 Qe4 31. Kf1 b6 32. c6 Ke7 33. Ke2 Qf4 34.
Kf1 Kf8 35. d6 Qxd6 36. Nxg4 Qf4 37. Ne3 Bb8 38. h3 Qe4 39. Ke2 Be6 40. f3 Qf4
41. Qd3 Bf7 42. Ng4 Qg5 43. Kf2 Qc1 44. Ne5 Qb2+ 45. Kg3 Be8 46. Qe4 Qd2 47. h4
Qb4 48. Qg4 Qe1+ 49. Kh2 Kg8 50. Qg5 Kh7 51. Qd8 Ba7 52. f4 Qc1 53. Qxe8 Qxf4+
54. Kh3 Qe3+ 55. g3 Qe4 56. Qf7 Qh1+ 57. Kg4 Qb1 58. Nf3 1-0

[Event "2MCR_3DE_2LB_3S"]
[Site "?"]
[Date "2007.??.??"]
[Round "?"]
[White "Martinec, Jan"]
[Black "Portych, Vaclav"]
[Result "0-1"]
[WhiteElo "2000"]
[BlackElo "2147"]
[PlyCount "82"]
[EventDate "2007.??.??"]
[EventType "corr"]
[EventRounds "2"]
[SourceDate "2007.01.28"]

1. e4 c5 2. Nf3 Nc6 3. d4 cxd4 4. Nxd4 Nf6 5. Nc3 e5 6. Ndb5 d6 7. Bg5 a6 8.
Na3 b5 9. Bxf6 gxf6 10. Nd5 f5 11. Bd3 Be6 12. O-O Bxd5 13. exd5 Ne7 14. c3 Bg7
15. Qh5 e4 16. Bc2 O-O 17. Rae1 Qc8 18. Kh1 Ng6 19. Bb1 Re8 20. f4 Ne7 21. g4
Nxd5 22. gxf5 Nf6 23. Qh3 Kh8 24. Nc2 d5 25. Ne3 Qc6 26. Rg1 Rg8 27. a3 Rad8
28. Ba2 a5 29. Qh4 b4 30. cxb4 axb4 31. axb4 d4 32. Bxf7 Rgf8 33. Be6 dxe3 34.
Rxe3 Qb7 35. Qg5 Rd2 36. b3 Ra8 37. h4 Qc7 38. Bc4 Raa2 39. Rge1 Rh2+ 40. Kg1
Qa7 41. Qg3 Bh6 0-1

[Event "2MCR_3DE_2LB_1S"]
[Site "?"]
[Date "2007.??.??"]
[Round "?"]
[White "Doudera, Lubomir"]
[Black "Kaas, Jaroslav"]
[Result "0-1"]
[WhiteElo "2136"]
[BlackElo "1800"]
[PlyCount "134"]
[EventDate "2007.??.??"]
[EventType "corr"]
[EventRounds "2"]
[SourceDate "2007.01.28"]

1. e4 c5 2. c3 Nf6 3. e5 Nd5 4. d4 cxd4 5. Nf3 e6 6. cxd4 d6 7. Bc4 Nc6 8. O-O
Be7 9. Qe2 O-O 10. Nc3 Nxc3 11. bxc3 dxe5 12. dxe5 Qa5 13. Qe4 Qa4 14. Bg5 h6
15. Bxe7 Nxe7 16. Rab1 Qc6 17. Bd3 Qxe4 18. Bxe4 Rb8 19. Nd4 b6 20. Nb5 Bb7 21.
Rfe1 Rfd8 22. g3 Bxe4 23. Rxe4 Rd2 24. a4 Rb7 25. Rd4 Ra2 26. f4 Nf5 27. Rdb4
Rd2 28. R4b2 Rd3 29. c4 Kh7 30. Ra2 g5 31. a5 gxf4 32. gxf4 Rbd7 33. Rc1 Kg6
34. Nxa7 Rxa7 35. Rg2+ Kh5 36. axb6 Ra8 37. Rb2 Nd4 38. c5 Rb8 39. Kh1 Nb3 40.
Rcc2 Kh4 41. Kg1 Kh3 42. Kf1 Rf3+ 43. Ke1 Rg8 44. Rc4 Rg1+ 45. Ke2 Kg2 46. b7
Rf2+ 47. Kd3 Rxb2 48. Kc3 Nxc5 49. Kxb2 Nxb7 50. Rc7 Nd8 51. Rd7 Nc6 52. Rxf7
Nd4 53. Rf6 Kf3 54. Kc3 Ne2+ 55. Kb4 Nxf4 56. Rxh6 Rg5 57. Kc4 Rh5 58. Rf6 Rxh2
59. Kc5 Ke4 60. Kd6 Rd2+ 61. Ke7 Kxe5 62. Rf7 Ng6+ 63. Ke8 Ke4 64. Ra7 e5 65.
Kf7 Rd6 66. Kg8 Re6 67. Kg7 Re7+ 0-1

[Event "2MCR_3DE_2LB_1S"]
[Site "?"]
[Date "2007.??.??"]
[Round "?"]
[White "Motejzik, Jaroslav"]
[Black "Mateka, Petr"]
[Result "0-1"]
[WhiteElo "2068"]
[BlackElo "2275"]
[PlyCount "110"]
[EventDate "2007.??.??"]
[EventType "corr"]
[EventRounds "2"]
[SourceDate "2007.01.28"]

1. e4 e5 2. Nf3 Nc6 3. Bb5 a6 4. Ba4 Nf6 5. O-O Be7 6. Re1 b5 7. Bb3 O-O 8. h3
Bb7 9. d3 d6 10. a3 Qd7 11. Nbd2 Nd8 12. c3 Ne6 13. d4 exd4 14. cxd4 d5 15. e5
Ne4 16. Bxd5 Qxd5 17. Nxe4 Rad8 18. Nc3 Qc4 19. Be3 c5 20. Nd2 Qd3 21. dxc5
Bxc5 22. Nb3 Qc4 23. Qc2 Bxe3 24. Rxe3 Ba8 25. Rae1 Nf4 26. Rg3 Rfe8 27. Nd2
Qc7 28. Qf5 Ng6 29. Nb3 Nxe5 30. Rge3 Qc6 31. f3 f6 32. Ne4 Qb6 33. Kh1 Bxe4
34. Qxe4 Nd3 35. Qxe8+ Rxe8 36. Rxe8+ Kf7 37. R1e2 Ne5 38. Rc8 Nc4 39. Nc5 Qd6
40. Re6 Qd1+ 41. Kh2 Nd2 42. Rc7+ Kg6 43. Rd7 Nxf3+ 44. gxf3 Qc2+ 45. Kh1 Qxc5
46. Re2 Qc1+ 47. Kg2 Qg5+ 48. Kh2 Qf4+ 49. Kg1 Kh6 50. Kg2 Qg5+ 51. Kf2 f5 52.
Ree7 Qc1 53. Re6+ Kh5 54. Re2 Qg5 55. Ree7 Qf6 0-1

[Event "2MCR_3DE_2LB_1S"]
[Site "?"]
[Date "2007.??.??"]
[Round "?"]
[White "Motejzik, Jaroslav"]
[Black "Struzka, Vlastimil"]
[Result "1/2-1/2"]
[WhiteElo "2068"]
[BlackElo "2080"]
[PlyCount "139"]
[EventDate "2007.??.??"]
[EventType "corr"]
[EventRounds "2"]
[SourceDate "2007.01.28"]

1. d4 d5 2. c4 e6 3. Nc3 Nf6 4. cxd5 exd5 5. Bg5 c6 6. Qc2 h6 7. Bh4 Bd6 8. e3
O-O 9. Bd3 Re8 10. Nf3 a5 11. O-O Bg4 12. Nd2 Nbd7 13. f3 Be6 14. e4 dxe4 15.
Ndxe4 Be7 16. Rad1 a4 17. Rfe1 a3 18. b3 Qa5 19. Na4 Qb4 20. Re2 Bf8 21. Nec5
Qxd4+ 22. Bf2 Qb4 23. Nxe6 Rxe6 24. Rxe6 fxe6 25. Re1 b5 26. Qxc6 Rb8 27. Nc3
Bc5 28. Qxe6+ Kh8 29. Nd1 Re8 30. Qxe8+ Nxe8 31. Rxe8+ Nf8 32. g3 Kg8 33. Re2
Kf7 34. Ne3 Ne6 35. Kg2 Qc3 36. Bxb5 Nd4 37. Bc4+ Kf8 38. Re1 g5 39. Rd1 Qb2
40. b4 Nc2 41. Nxc2 Qxc2 42. Rf1 Bxb4 43. Bb3 Qb2 44. Kg1 Qe2 45. Bb6 Ke7 46.
f4 Qb5 47. Bd4 Qd3 48. Bb6 g4 49. f5 Kf6 50. Rf4 Qb1+ 51. Kg2 Qb2+ 52. Kg1 Qc1+
53. Rf1 Bc5+ 54. Bxc5 Qxc5+ 55. Kg2 Qb5 56. Kg1 Qd3 57. Be6 h5 58. Rf2 Qd1+ 59.
Kg2 Qb1 60. Rf1 Qb7+ 61. Kg1 h4 62. gxh4 Qh7 63. h3 Qxh4 64. hxg4 Qxg4+ 65. Kf2
Ke5 66. Rg1 Qf4+ 67. Kg2 Qg4+ 68. Kf2 Qh4+ 69. Kg2 Qg5+ 70. Kf2 1/2-1/2

[Event "2MCR_3DE_2LB_2S"]
[Site "?"]
[Date "2007.??.??"]
[Round "?"]
[White "Paukert, Martin"]
[Black "Martinovsky, Vaclav"]
[Result "0-1"]
[WhiteElo "2111"]
[BlackElo "2200"]
[PlyCount "78"]
[EventDate "2007.??.??"]
[EventType "corr"]
[EventRounds "2"]
[SourceDate "2007.01.28"]

1. f4 d5 2. Nf3 Nf6 3. e3 g6 4. b4 Bg7 5. Bb2 O-O 6. Bd3 a5 7. b5 a4 8. O-O
Nbd7 9. Qe1 Nc5 10. Be2 h6 11. Bd4 Qd6 12. Nc3 Rd8 13. b6 c6 14. Be5 Qd7 15. d3
Rf8 16. Rb1 Qd8 17. Bc7 Qe8 18. Nd4 Nfd7 19. f5 e5 20. Nf3 Qe7 21. d4 exd4 22.
exd4 Re8 23. Kh1 g5 24. Qd1 Qe3 25. Bd3 Nxd3 26. cxd3 Qe7 27. Ne5 Qa3 28. Qc2
Nf6 29. Ne2 Ra6 30. Qd2 Qf8 31. Ng3 Bh8 32. Rbe1 Kh7 33. Re3 Kg8 34. Qe2 c5 35.
dxc5 Qxc5 36. Re1 Ra8 37. Qf3 Qf8 38. d4 Qb4 39. Qd1 Qf8 0-1

[Event "2MCR_3DE_2LB_3S"]
[Site "?"]
[Date "2007.??.??"]
[Round "?"]
[White "Portych, Vaclav"]
[Black "Vokolek, Jaroslav"]
[Result "1/2-1/2"]
[WhiteElo "2147"]
[BlackElo "2000"]
[PlyCount "113"]
[EventDate "2007.??.??"]
[EventType "corr"]
[EventRounds "2"]
[SourceDate "2007.01.28"]

1. c4 e5 2. Nc3 Nf6 3. Nf3 Nc6 4. g3 Bb4 5. Bg2 O-O 6. O-O Bxc3 7. bxc3 d6 8.
d3 h6 9. Rb1 Rb8 10. e4 Be6 11. h3 a6 12. a4 Na5 13. Ne1 Bd7 14. f4 Re8 15. Be3
exf4 16. Bxf4 b6 17. Ra1 Nc6 18. Be3 Re5 19. Nf3 Ra5 20. Nd2 b5 21. axb5 Rxa1
22. Qxa1 axb5 23. cxb5 Rxb5 24. d4 Ra5 25. Qd1 Qc8 26. g4 Ra3 27. Qc1 Qa6 28.
Bxh6 gxh6 29. Rxf6 Ra1 30. Nb1 Qb6 31. Rf1 Be6 32. g5 h5 33. g6 fxg6 34. Qg5
Bf7 35. Nd2 Rxf1+ 36. Nxf1 Qb3 37. Qc1 Na5 38. Nd2 Qb5 39. Nf3 Qd3 40. Qe1 Nc4
41. Ng5 Ne3 42. Bf3 Bc4 43. d5 Bb5 44. h4 Bc4 45. Qf2 Qb1+ 46. Kh2 Qb6 47. Qe1
Qb2+ 48. Kg1 Qb6 49. Kh1 Nf1 50. Ne6 Qb2 51. Bg2 Qd2 52. Qxd2 Nxd2 53. Nxc7 Kf7
54. Kg1 Kf6 55. Ne6 Bd3 56. Ng5 Nb1 57. c4 1/2-1/2

[Event "2MCR_3DE_2LB_1S"]
[Site "?"]
[Date "2007.??.??"]
[Round "?"]
[White "Doudera, Lubomir"]
[Black "Motejzik, Jaroslav"]
[Result "1-0"]
[WhiteElo "2136"]
[BlackElo "2068"]
[PlyCount "91"]
[EventDate "2007.??.??"]
[EventType "corr"]
[EventRounds "2"]
[SourceDate "2007.01.28"]

1. e4 d6 2. d4 Nf6 3. Nc3 g6 4. Nf3 Bg7 5. Be2 O-O 6. O-O c6 7. h3 Nbd7 8. e5
Ne8 9. Bf4 Nb6 10. Qd2 dxe5 11. Bxe5 Nf6 12. a4 Bf5 13. a5 Nbd7 14. Bf4 b5 15.
Rfe1 Re8 16. b4 a6 17. Nh4 e5 18. dxe5 Nxe5 19. Nxf5 gxf5 20. Rab1 Qxd2 21.
Bxd2 Ne4 22. Nxe4 fxe4 23. Bg5 Rac8 24. Bh5 Nc4 25. Bg4 Rc7 26. Bf4 Rce7 27.
Rb3 Bd4 28. Rd1 Be5 29. Bg5 f6 30. Be3 Bd6 31. Bb6 Kg7 32. Bh5 Rc8 33. Be2 f5
34. Bxc4 bxc4 35. Rc3 Bxb4 36. Rxc4 Ba3 37. g4 fxg4 38. hxg4 c5 39. Re1 Rce8
40. Kg2 Re5 41. c3 Rd5 42. Rcxe4 Rxe4 43. Rxe4 Kf7 44. c4 Rg5 45. Kg3 h5 46.
Kh4 1-0

[Event "2MCR_3DE_2LB_2S"]
[Site "?"]
[Date "2007.??.??"]
[Round "?"]
[White "Jednicky, Vaclav"]
[Black "Paukert, Martin"]
[Result "1/2-1/2"]
[WhiteElo "1600"]
[BlackElo "2111"]
[PlyCount "108"]
[EventDate "2007.??.??"]
[EventType "corr"]
[EventRounds "2"]
[SourceDate "2007.01.28"]

1. e4 c5 2. Nf3 Nc6 3. d4 cxd4 4. Nxd4 Nf6 5. Nc3 e5 6. Ndb5 d6 7. Bg5 a6 8.
Na3 b5 9. Bxf6 gxf6 10. Nd5 f5 11. Bd3 Be6 12. O-O Bxd5 13. exd5 Ne7 14. Nxb5
Bg7 15. Nc3 e4 16. Be2 Qa5 17. Rb1 Qc5 18. Qd2 Bxc3 19. bxc3 Qxd5 20. Rfd1 Qxd2
21. Rxd2 Kd7 22. Rb6 d5 23. g3 Rhc8 24. c4 Rc6 25. Rxc6 Kxc6 26. cxd5+ Nxd5 27.
Bc4 Nc3 28. Bxf7 Rf8 29. Be6 a5 30. Kf1 Rf6 31. Rd8 Rxe6 32. Rc8+ Kd5 33. Rxc3
Rb6 34. Ra3 Rc6 35. Rxa5+ Ke6 36. Ra8 Rxc2 37. a4 Ra2 38. a5 Kf6 39. a6 Kg7 40.
a7 h6 41. Ke1 h5 42. h4 Ra3 43. Kd2 Rd3+ 44. Kc2 Ra3 45. Kb2 Ra6 46. Kb3 Ra1
47. Kb4 Ra2 48. Kc5 Ra1 49. Kd5 Ra3 50. Ke5 e3 51. fxe3 Rxe3+ 52. Kf4 Ra3 53.
Re8 Rxa7 54. Kxf5 Rf7+ 1/2-1/2

[Event "2MCR_3DE_2LB_1S"]
[Site "?"]
[Date "2007.??.??"]
[Round "?"]
[White "Doudera, Lubomir"]
[Black "Struzka, Vlastimil"]
[Result "1/2-1/2"]
[WhiteElo "2136"]
[BlackElo "2080"]
[PlyCount "108"]
[EventDate "2007.??.??"]
[EventType "corr"]
[EventRounds "2"]
[SourceDate "2007.01.28"]

1. e4 c5 2. c3 d5 3. exd5 Qxd5 4. d4 Nc6 5. Nf3 Bg4 6. Be2 e6 7. h3 Bxf3 8.
Bxf3 Qd7 9. Be3 cxd4 10. cxd4 Nf6 11. Nc3 Bd6 12. d5 Ne5 13. dxe6 Nxf3+ 14.
Qxf3 fxe6 15. O-O O-O 16. Rad1 Nd5 17. Qe4 Rf5 18. Bd4 Qf7 19. Rfe1 Nf4 20.
Bxa7 Re5 21. Qd4 Qg6 22. g3 Nxh3+ 23. Kf1 Rxe1+ 24. Rxe1 Bf8 25. Qb6 Re8 26.
Qxb7 Re7 27. Qg2 Ng5 28. Bc5 Qd3+ 29. Re2 Rf7 30. Bxf8 Rxf8 31. f4 h5 32. Kg1
Nf3+ 33. Kf2 Nd2 34. Qc6 Rf6 35. Qb5 Qd4+ 36. Kg2 h4 37. Qb8+ Kf7 38. Qb7+ Kg8
39. Ne4 Nxe4 40. Qxe4 Qd1 41. gxh4 Rxf4 42. Qxe6+ Kh7 43. Kg3 Rf6 44. Qe3 Qh1
45. h5 Qxh5 46. Qe4+ Rg6+ 47. Kf2 Kh8 48. b4 Qh6 49. Rc2 Rf6+ 50. Ke2 Rf8 51.
Rc4 Qd6 52. Rc5 Qa6+ 53. Qc4 Qh6 54. Rc8 Qh5+ 1/2-1/2